Toi, kucing Reza

Bibliographic Details
Main Author: Halimah Badioze Zaman
Format: Book
Published: Kuala Lumpur : Dewan Bahasa Dan Pustaka , 1992
Subjects:

MARC

LEADER 00000cam a2200000 7i4500
001 0000007176
002 000007720
005 20011210.0
020 |a 9836223460 
090 0 0 |a JF   |b HAL 
100 0 |a Halimah Badioze Zaman 
245 1 0 |a Toi, kucing Reza   |c Halimah Badioze Zaman 
260 |a Kuala Lumpur :   |b Dewan Bahasa Dan Pustaka ,   |c 1992 
300 |a 17p. :   |b ill ;   |c 17cm. 
650 0 0 |a Children's stories, Malay 
999 |a 025731   |b BUKU   |c PINJAMAN   |e PERPUSTAKAAN KOMUNITI PETALING JAYA